[Event "Göteborg Open 2015"]
[Site "Biblioteksgatan 2, Mölnlycke, Sweden"]
[Date "2015.08.14"]
[Round "4.5"]
[White "Johansson, Eva"]
[Black "Alvir, Aco"]
[Result "0-1"]
[BlackElo "2357"]
[WhiteElo "1943"]
[LiveChessVersion "1.4.6"]

1. d4 {[%clk 0:15:06]} Nf6 {[%clk 0:15:06]} 2. c4 {[%clk 0:15:05]} g6
{[%clk 0:15:06]} 3. Nc3 {[%clk 0:14:56]} Bg7 {[%clk 0:15:08]} 4. e4
{[%clk 0:14:59]} d6 {[%clk 0:15:11]} 5. Nf3 {[%clk 0:15:01]} O-O {[%clk 0:15:11]}
6. Be2 {[%clk 0:15:05]} Bg4 {[%clk 0:14:56]} 7. h3 {[%clk 0:14:40]} Bxf3
{[%clk 0:14:58]} 8. Bxf3 {[%clk 0:14:44]} Nfd7 {[%clk 0:14:15]} 9. O-O
{[%clk 0:14:28]} c5 {[%clk 0:14:05]} 10. Be3 {[%clk 0:13:55]} Nc6
{[%clk 0:13:57]} 11. Ne2 {[%clk 0:12:54]} Qb6 {[%clk 0:12:43]} 12. dxc5
{[%clk 0:12:23]} Nxc5 {[%clk 0:12:45]} 13. Rb1 {[%clk 0:12:16]} a5
{[%clk 0:12:41]} 14. b3 {[%clk 0:12:11]} Rfc8 {[%clk 0:11:33]} 15. Nf4
{[%clk 0:11:34]} Ne5 {[%clk 0:11:24]} 16. Nd5 {[%clk 0:11:12]} Qd8
{[%clk 0:11:28]} 17. Bxc5 {[%clk 0:11:03]} dxc5 {[%clk 0:11:21]} 18. Be2
{[%clk 0:11:04]} e6 {[%clk 0:11:20]} 19. Ne3 {[%clk 0:10:32]} Nc6
{[%clk 0:11:19]} 20. Qxd8+ {[%clk 0:09:57]} Rxd8 {[%clk 0:11:22]} 21. Rfd1
{[%clk 0:10:00]} Bd4 {[%clk 0:11:21]} 22. Nc2 {[%clk 0:09:51]} Kf8
{[%clk 0:09:50]} 23. Kf1 {[%clk 0:09:49]} Ke7 {[%clk 0:09:52]} 24. a3
{[%clk 0:09:07]} Bc3 {[%clk 0:09:32]} 25. f4 {[%clk 0:08:10]} Rxd1+
{[%clk 0:09:16]} 26. Rxd1 {[%clk 0:08:13]} Bb2 {[%clk 0:08:42]} 27. a4
{[%clk 0:08:15]} Bd4 {[%clk 0:08:40]} 28. Bf3 {[%clk 0:08:07]} e5
{[%clk 0:08:32]} 29. g3 {[%clk 0:08:08]} Ra6 {[%clk 0:08:36]} 30. Ke2
{[%clk 0:07:54]} Rb6 {[%clk 0:08:28]} 31. Rd3 {[%clk 0:07:49]} h5
{[%clk 0:08:00]} 32. Kd2 {[%clk 0:07:05]} Nb8 {[%clk 0:07:49]} 33. Bd1
{[%clk 0:07:08]} Nd7 {[%clk 0:07:44]} 34. Ne1 {[%clk 0:07:06]} f5
{[%clk 0:07:38]} 35. Bf3 {[%clk 0:07:01]} h4 {[%clk 0:07:30]} 36. exf5
{[%clk 0:06:44]} gxf5 {[%clk 0:07:20]} 37. Bd5 {[%clk 0:06:47]} e4
{[%clk 0:07:21]} 38. Kd1 0-1

[Event "Göteborg Open 2015"]
[Site "Biblioteksgatan 2, Mölnlycke, Sweden"]
[Date "2015.08.14"]
[Round "4.7"]
[White "Braun, Christian"]
[Black "Bengtsson, Jessica"]
[Result "1-0"]
[BlackElo "2065"]
[WhiteElo "2420"]
[LiveChessVersion "1.4.6"]

1. e4 {[%clk 0:15:08]} c5 {[%clk 0:15:04]} 2. Nf3 {[%clk 0:15:10]} Nc6
{[%clk 0:15:05]} 3. Bb5 {[%clk 0:15:13]} g6 {[%clk 0:15:07]} 4. Bxc6
{[%clk 0:15:16]} dxc6 {[%clk 0:15:03]} 5. h3 {[%clk 0:15:18]} Bg7
{[%clk 0:15:04]} 6. d3 {[%clk 0:15:19]} Nf6 {[%clk 0:14:58]} 7. Nc3
{[%clk 0:15:20]} Nd7 {[%clk 0:14:51]} 8. Be3 {[%clk 0:15:22]} e5 {[%clk 0:14:45]}
9. Qd2 {[%clk 0:15:23]} Qe7 {[%clk 0:14:46]} 10. Bh6 {[%clk 0:15:24]} f6
{[%clk 0:14:48]} 11. Bxg7 {[%clk 0:15:24]} Qxg7 {[%clk 0:14:51]} 12. Qe3
{[%clk 0:15:21]} Qe7 {[%clk 0:14:34]} 13. Nd2 {[%clk 0:15:06]} Nf8
{[%clk 0:14:01]} 14. f4 {[%clk 0:14:55]} exf4 {[%clk 0:13:37]} 15. Qxf4
{[%clk 0:14:54]} Ne6 {[%clk 0:13:37]} 16. Qf2 {[%clk 0:14:56]} Nd4
{[%clk 0:12:46]} 17. Nf3 {[%clk 0:14:54]} Qd6 {[%clk 0:11:52]} 18. O-O
{[%clk 0:14:52]} O-O {[%clk 0:11:35]} 19. Nxd4 {[%clk 0:14:44]} cxd4
{[%clk 0:11:08]} 20. Ne2 {[%clk 0:14:46]} c5 {[%clk 0:11:06]} 21. Qf4
{[%clk 0:14:48]} Qxf4 {[%clk 0:10:55]} 22. Nxf4 {[%clk 0:14:50]} Bd7
{[%clk 0:09:54]} 23. Nd5 {[%clk 0:14:43]} Kg7 {[%clk 0:09:41]} 24. Rf2
{[%clk 0:14:27]} Rf7 {[%clk 0:09:18]} 25. Raf1 {[%clk 0:13:40]} Raf8
{[%clk 0:09:21]} 26. g4 {[%clk 0:13:21]} g5 {[%clk 0:09:01]} 27. c3
{[%clk 0:12:34]} Be6 {[%clk 0:07:53]} 28. cxd4 {[%clk 0:12:34]} cxd4
{[%clk 0:07:32]} 29. Nb4 {[%clk 0:12:29]} Rd8 {[%clk 0:06:18]} 30. a3
{[%clk 0:11:45]} h5 {[%clk 0:05:59]} 31. gxh5 {[%clk 0:11:47]} Bxh3
{[%clk 0:05:46]} 32. Re1 {[%clk 0:11:50]} Kh6 {[%clk 0:05:18]} 33. Kh2
{[%clk 0:11:20]} Be6 {[%clk 0:04:56]} 34. Ref1 {[%clk 0:11:14]} Rdf8
{[%clk 0:04:14]} 35. Nc2 {[%clk 0:11:13]} Kxh5 {[%clk 0:04:17]} 36. Nxd4
{[%clk 0:11:16]} Bd7 {[%clk 0:04:17]} 37. e5 {[%clk 0:11:11]} Bc6
{[%clk 0:03:20]} 38. Ne6 {[%clk 0:09:22]} Rg8 {[%clk 0:02:44]} 39. Kg3
{[%clk 0:09:11]} Rd7 {[%clk 0:01:45]} 40. Rh2+ {[%clk 0:09:14]} Kg6
{[%clk 0:01:48]} 41. Rxf6# {[%clk 0:09:17]} 1-0

[Event "Göteborg Open 2015"]
[Site "Biblioteksgatan 2, Mölnlycke, Sweden"]
[Date "2015.08.14"]
[Round "4.8"]
[White "Knutsson, Håkan"]
[Black "Åkesson, Joel"]
[Result "0-1"]
[BlackElo "2264"]
[WhiteElo "1916"]
[LiveChessVersion "1.4.6"]

1. e4 {[%clk 0:15:06]} e6 {[%clk 0:15:09]} 2. d4 {[%clk 0:15:09]} d5
{[%clk 0:15:14]} 3. Nc3 {[%clk 0:15:12]} Bb4 {[%clk 0:15:17]} 4. e5
{[%clk 0:15:16]} c5 {[%clk 0:15:20]} 5. a3 {[%clk 0:15:19]} Bxc3+
{[%clk 0:15:24]} 6. bxc3 {[%clk 0:15:23]} Qa5 {[%clk 0:15:28]} 7. Bd2
{[%clk 0:14:52]} Qa4 {[%clk 0:15:30]} 8. Nf3 {[%clk 0:13:45]} b6 {[%clk 0:15:31]}
9. Be2 {[%clk 0:13:39]} Ba6 {[%clk 0:15:33]} 10. Be3 {[%clk 0:13:09]} Nd7
{[%clk 0:14:31]} 11. O-O {[%clk 0:13:01]} Ne7 {[%clk 0:14:33]} 12. Bxa6
{[%clk 0:12:58]} Qxa6 {[%clk 0:14:36]} 13. Ng5 {[%clk 0:12:37]} h6
{[%clk 0:13:10]} 14. Nh3 {[%clk 0:12:19]} Qc4 {[%clk 0:13:03]} 15. Qd3
{[%clk 0:10:52]} Qxd3 {[%clk 0:12:48]} 16. cxd3 {[%clk 0:10:55]} Rc8
{[%clk 0:11:53]} 17. Rfc1 {[%clk 0:10:42]} c4 {[%clk 0:11:17]} 18. dxc4
{[%clk 0:10:23]} Rxc4 {[%clk 0:11:18]} 19. Nf4 {[%clk 0:10:18]} Nc6
{[%clk 0:11:16]} 20. Ne2 {[%clk 0:10:10]} Na5 {[%clk 0:11:19]} 21. Rcb1
{[%clk 0:10:09]} Ke7 {[%clk 0:11:09]} 22. Kf1 {[%clk 0:10:00]} Rhc8
{[%clk 0:09:50]} 23. Bd2 {[%clk 0:09:55]} Ra4 {[%clk 0:09:06]} 24. Rb4
{[%clk 0:09:33]} Rxb4 {[%clk 0:08:40]} 25. axb4 {[%clk 0:09:36]} Nc4
{[%clk 0:08:43]} 26. Be1 {[%clk 0:09:24]} a5 {[%clk 0:08:46]} 27. bxa5
{[%clk 0:09:01]} bxa5 {[%clk 0:08:50]} 28. Nc1 {[%clk 0:08:53]} Ndb6
{[%clk 0:08:38]} 29. Nb3 {[%clk 0:08:21]} a4 {[%clk 0:08:39]} 30. Nc5
{[%clk 0:08:24]} a3 {[%clk 0:08:39]} 31. Ke2 {[%clk 0:08:21]} Nd7
{[%clk 0:08:41]} 32. Nxd7 {[%clk 0:07:54]} Kxd7 {[%clk 0:08:45]} 33. Kd3
{[%clk 0:07:49]} Rb8 {[%clk 0:08:44]} 34. Ra2 {[%clk 0:07:36]} Rb1
{[%clk 0:08:38]} 35. Bd2 {[%clk 0:07:26]} Rb2 {[%clk 0:08:30]} 36. Ra1
{[%clk 0:07:15]} Rxd2# 0-1

[Event "Göteborg Open 2015"]
[Site "Biblioteksgatan 2, Mölnlycke, Sweden"]
[Date "2015.08.14"]
[Round "4.9"]
[White "Uvhagen, Lennart"]
[Black "Nygren, Kim"]
[Result "0-1"]
[BlackElo "2211"]
[WhiteElo "1946"]
[LiveChessVersion "1.4.6"]

1. e4 d5 2. exd5 Nf6 3. Bb5+ Nbd7 4. Qf3 a6 5. Ba4 g6 6. d4 Bg7 7. Nh3 O-O 8. O-O
Nb6 9. Bb3 Nbxd5 10. c4 Bg4 11. Qg3 Nb4 12. d5 Bf5 13. Nf4 e5 14. dxe6 fxe6 15.
Be3 Qe7 16. Nc3 Kh8 17. Rfe1 Rad8 18. Rad1 Nc2 19. Rxd8 Rxd8 20. Bxc2 Bxc2 21.
Qg5 Qf7 22. Bc5 Bf5 23. h3 h6 24. Qg3 g5 25. Nfe2 Rd3 26. Qh2 g4 27. Nf4 Rd2 28.
hxg4 Nxg4 29. Qh4 Rxb2 30. Nh5 Bxc3 31. Rc1 Be5 32. f4 Be4 33. Qd8+ Kh7 34. Rd1
Rxg2+ 35. Kf1 Nh2+ 36. Ke1 Bc3+ 0-1

[Event "Göteborg Open 2015"]
[Site "Biblioteksgatan 2, Mölnlycke, Sweden"]
[Date "2015.08.14"]
[Round "4.10"]
[White "Wengholm, Anders"]
[Black "Harstad, Christian"]
[Result "0-1"]
[BlackElo "1948"]
[WhiteElo "2193"]
[LiveChessVersion "1.4.6"]

1. Nf3 Nf6 2. c4 g6 3. Nc3 d5 4. cxd5 Nxd5 5. Qa4+ Nc6 6. Ne5 Nxc3 7. bxc3 Bd7 8.
Nxd7 Qxd7 9. Rb1 Nd8 10. Qe4 Bg7 11. h4 c6 12. Ba3 h5 13. g3 f5 14. Qb4 O-O 15.
Bg2 Re8 16. d3 e5 17. O-O Qe6 18. Qb3 Rc8 19. Bc5 b6 20. Be3 Qxb3 21. Rxb3 Ne6
22. a4 f4 23. Bd2 fxg3 24. fxg3 Nc5 25. Ra3 e4 26. d4 e3 27. Bc1 Ne4 28. Rf3 Bf8
29. Ra2 Nxc3 30. Rc2 Nd5 31. Rf1 Bg7 32. Rxc6 Rxc6 33. Bxd5+ Rce6 34. Bxe3 Kh7
35. Bxe6 Rxe6 36. Rf3 Re4 37. Kf2 Bxd4 38. Bxd4 Rxd4 39. Rf7+ Kg8 40. Rxa7 Rb4
41. Kf3 Rg4 42. e4 Kf8 43. Rb7 g5 44. hxg5 Rxg5 45. Rxb6 Ra5 46. Rb4 Kg7 47. Kf4
Kg6 48. Rc4 Ra6 49. Rd4 Rf6+ 50. Ke3 Rf1 51. Rd5 Rg1 52. Kf3 Ra1 53. Ra5 Ra3+ 54.
Kf4 Ra1 55. Ra6+ Kg7 56. a5 Rf1+ 57. Kg5 Rg1 58. Ra7+ Kf8 59. Kf6 Rf1+ 60. Kg6
Rg1 61. Kf6 Rf1+ 62. Ke6 Rg1 63. Kf6 Rh1 0-1

[Event "Göteborg Open 2015"]
[Site "Biblioteksgatan 2, Mölnlycke, Sweden"]
[Date "2015.08.15"]
[Round "5.1"]
[White "Zelbel, Patrick"]
[Black "Westerberg, Jonathan"]
[Result "1/2-1/2"]
[BlackElo "2464"]
[WhiteElo "2450"]
[LiveChessVersion "1.4.6"]

1. e4 {[%clk 1:30:58]} e6 {[%clk 1:30:39]} 2. d4 {[%clk 1:31:25]} d5
{[%clk 1:31:00]} 3. Nd2 {[%clk 1:31:52]} Nf6 {[%clk 1:31:19]} 4. e5
{[%clk 1:32:18]} Nfd7 {[%clk 1:31:42]} 5. f4 {[%clk 1:32:06]} c5 {[%clk 1:31:36]}
6. c3 {[%clk 1:32:34]} Nc6 {[%clk 1:31:35]} 7. Ndf3 {[%clk 1:32:59]} Qb6
{[%clk 1:30:45]} 8. g3 {[%clk 1:33:16]} Be7 {[%clk 1:30:43]} 9. Kf2
{[%clk 1:32:01]} cxd4 {[%clk 1:25:53]} 10. cxd4 {[%clk 1:32:21]} f6
{[%clk 1:25:47]} 11. Kg2 {[%clk 1:26:22]} f5 {[%clk 1:16:30]} 12. Ne2
{[%clk 1:22:15]} Nd8 {[%clk 1:15:59]} 13. Nc3 {[%clk 1:16:38]} 1/2-1/2

[Event "Göteborg Open 2015"]
[Site "Biblioteksgatan 2, Mölnlycke, Sweden"]
[Date "2015.08.15"]
[Round "5.2"]
[White "Alvir, Aco"]
[Black "Al-Hadarani, Hatim"]
[Result "0-1"]
[BlackElo "2254"]
[WhiteElo "2357"]
[LiveChessVersion "1.4.6"]

1. e4 {[%clk 1:30:47]} c6 {[%clk 1:30:31]} 2. d4 {[%clk 1:30:55]} g6
{[%clk 1:30:55]} 3. Nc3 {[%clk 1:30:16]} d5 {[%clk 1:29:51]} 4. Bf4 Nf6
{[%clk 1:24:41]} 5. e5 {[%clk 1:26:22]} Nh5 {[%clk 1:24:54]} 6. Be3
{[%clk 1:25:05]} Qb6 {[%clk 1:20:22]} 7. Rb1 {[%clk 1:18:10]} Ng7
{[%clk 1:13:16]} 8. Bh6 {[%clk 1:17:36]} Ne6 {[%clk 1:06:56]} 9. Bxf8
{[%clk 1:17:54]} Rxf8 {[%clk 1:07:10]} 10. Nf3 {[%clk 1:17:54]} g5
{[%clk 1:02:34]} 11. Qd2 {[%clk 1:14:03]} h6 {[%clk 0:56:31]} 12. b4
{[%clk 1:07:29]} Nd7 {[%clk 0:43:34]} 13. Be2 {[%clk 1:02:14]} Rg8
{[%clk 0:33:38]} 14. Na4 {[%clk 0:56:26]} Qc7 {[%clk 0:33:40]} 15. O-O
{[%clk 0:56:00]} Nf4 {[%clk 0:31:54]} 16. b5 {[%clk 0:51:30]} Nf8
{[%clk 0:31:21]} 17. bxc6 {[%clk 0:51:26]} bxc6 {[%clk 0:31:41]} 18. Rb3
{[%clk 0:40:36]} N8g6 {[%clk 0:28:26]} 19. Nc5 {[%clk 0:38:21]} Nxe2+
{[%clk 0:26:04]} 20. Qxe2 {[%clk 0:38:48]} Nf4 {[%clk 0:24:26]} 21. Qd2
{[%clk 0:38:28]} Rg6 {[%clk 0:23:49]} 22. Rfb1 {[%clk 0:38:00]} Kf8
{[%clk 0:24:06]} 23. Ne1 {[%clk 0:38:11]} Bf5 {[%clk 0:20:08]} 24. Ned3
{[%clk 0:37:14]} Bxd3 {[%clk 0:20:24]} 25. cxd3 {[%clk 0:37:42]} Kg7
{[%clk 0:20:02]} 26. Rb7 {[%clk 0:32:08]} Qc8 {[%clk 0:20:23]} 27. Rxe7
{[%clk 0:30:37]} Qg4 {[%clk 0:15:26]} 28. f3 {[%clk 0:30:53]} Nh3+
{[%clk 0:14:22]} 29. Kh1 {[%clk 0:26:13]} Qxd4 {[%clk 0:14:42]} 30. gxh3
{[%clk 0:22:29]} Qxc5 {[%clk 0:15:04]} 31. Rbb7 {[%clk 0:22:43]} Rf8
{[%clk 0:14:27]} 32. Kg2 {[%clk 0:21:30]} Kg8 {[%clk 0:12:36]} 33. d4
{[%clk 0:20:56]} Qc4 {[%clk 0:12:03]} 34. Rb4 {[%clk 0:20:52]} Qa6
{[%clk 0:12:08]} 35. Qc2 {[%clk 0:19:23]} h5 {[%clk 0:09:29]} 36. Ra4
{[%clk 0:15:42]} Qb6 {[%clk 0:07:05]} 37. Raxa7 {[%clk 0:15:25]} Rg7
{[%clk 0:06:18]} 38. Qd2 {[%clk 0:12:07]} g4 {[%clk 0:06:17]} 39. hxg4
{[%clk 0:12:21]} hxg4 {[%clk 0:06:47]} 40. f4 {[%clk 0:12:28]} Qb1
{[%clk 0:06:49]} 41. Ra3 {[%clk 0:06:25]} Rb8 {[%clk 0:06:20]} 42. Rb3
{[%clk 0:06:30]} Rxb3 {[%clk 0:06:10]} 43. axb3 {[%clk 0:06:04]} Qe4+
{[%clk 0:05:46]} 44. Kg1 {[%clk 0:04:24]} g3 {[%clk 0:05:05]} 45. h3
{[%clk 0:04:49]} g2 {[%clk 0:05:16]} 46. Re8+ {[%clk 0:04:27]} Kh7
{[%clk 0:05:45]} 47. Qd1 {[%clk 0:04:37]} Qe3+ {[%clk 0:06:03]} 0-1

[Event "Göteborg Open 2015"]
[Site "Biblioteksgatan 2, Mölnlycke, Sweden"]
[Date "2015.08.15"]
[Round "5.3"]
[White "Blomqvist, Erik"]
[Black "Rozentalis, Eduardas"]
[Result "0-1"]
[BlackElo "2528"]
[WhiteElo "2508"]
[LiveChessVersion "1.4.6"]

1. e4 {[%clk 1:27:23]} e6 {[%clk 1:30:52]} 2. d4 {[%clk 1:27:47]} d5
{[%clk 1:31:19]} 3. Nc3 {[%clk 1:28:08]} Bb4 {[%clk 1:31:14]} 4. e5
{[%clk 1:26:16]} c5 {[%clk 1:31:31]} 5. a3 {[%clk 1:26:40]} Bxc3+
{[%clk 1:31:55]} 6. bxc3 {[%clk 1:27:05]} Ne7 {[%clk 1:32:13]} 7. Qg4
{[%clk 1:27:28]} Qc7 {[%clk 1:30:56]} 8. Qxg7 {[%clk 1:27:40]} Rg8
{[%clk 1:31:23]} 9. Qxh7 {[%clk 1:27:59]} cxd4 {[%clk 1:31:40]} 10. Ne2
{[%clk 1:28:09]} Nbc6 {[%clk 1:31:35]} 11. f4 {[%clk 1:28:31]} dxc3
{[%clk 1:29:12]} 12. Qd3 {[%clk 1:28:42]} d4 {[%clk 1:27:50]} 13. h4
{[%clk 1:17:47]} Bd7 {[%clk 1:23:21]} 14. h5 {[%clk 1:18:01]} O-O-O
{[%clk 1:23:10]} 15. h6 {[%clk 1:12:25]} f6 {[%clk 1:13:28]} 16. exf6
{[%clk 1:11:48]} Nd5 {[%clk 1:12:56]} 17. h7 {[%clk 0:38:36]} Rh8
{[%clk 1:12:54]} 18. g4 {[%clk 0:36:19]} e5 {[%clk 1:09:39]} 19. g5
{[%clk 0:34:14]} exf4 {[%clk 1:01:42]} 20. Qe4 {[%clk 0:30:08]} Bg4
{[%clk 0:44:40]} 21. Kf2 {[%clk 0:10:36]} Rhe8 {[%clk 0:34:41]} 22. Qxe8
{[%clk 0:04:09]} Rxe8 {[%clk 0:35:02]} 23. h8=Q {[%clk 0:04:34]} Rxh8
{[%clk 0:35:27]} 24. Rxh8+ {[%clk 0:05:00]} Nd8 {[%clk 0:35:54]} 25. Rb1
{[%clk 0:03:03]} d3 {[%clk 0:22:48]} 26. cxd3 {[%clk 0:03:31]} f3
{[%clk 0:23:15]} 27. Rb5 {[%clk 0:03:10]} fxe2 {[%clk 0:22:31]} 28. Rxd5
{[%clk 0:03:30]} e1=Q+ {[%clk 0:22:46]} 0-1

[Event "Göteborg Open 2015"]
[Site "Biblioteksgatan 2, Mölnlycke, Sweden"]
[Date "2015.08.15"]
[Round "5.4"]
[White "Wiedenkeller, Michael"]
[Black "Johansen, Paul"]
[Result "1-0"]
[BlackElo "2161"]
[WhiteElo "2453"]
[LiveChessVersion "1.4.6"]

1. d4 {[%clk 1:28:35]} d5 {[%clk 1:30:18]} 2. c4 {[%clk 1:28:28]} c6
{[%clk 1:30:43]} 3. Nf3 {[%clk 1:28:35]} Nf6 {[%clk 1:30:51]} 4. e3
{[%clk 1:28:31]} Bf5 {[%clk 1:30:26]} 5. Nc3 {[%clk 1:28:38]} e6 {[%clk 1:30:49]}
6. Nh4 {[%clk 1:25:35]} Bg6 {[%clk 1:30:12]} 7. Be2 {[%clk 1:25:07]} Bb4
{[%clk 1:29:19]} 8. Qb3 {[%clk 1:22:00]} Bxc3+ {[%clk 1:25:44]} 9. bxc3
{[%clk 1:20:36]} Qb6 {[%clk 1:23:37]} 10. Nxg6 {[%clk 1:15:37]} Qxb3
{[%clk 1:24:01]} 11. axb3 {[%clk 1:15:54]} hxg6 {[%clk 1:24:16]} 12. f3
{[%clk 1:15:29]} dxc4 {[%clk 1:20:53]} 13. Bxc4 {[%clk 1:14:49]} Nd5
{[%clk 1:20:46]} 14. Bd2 {[%clk 1:14:47]} a6 {[%clk 1:18:36]} 15. Bd3
{[%clk 1:14:46]} Nd7 {[%clk 1:18:03]} 16. c4 {[%clk 1:13:18]} Nc7
{[%clk 1:18:07]} 17. Bb4 {[%clk 1:11:44]} O-O-O {[%clk 1:18:17]} 18. Be7
{[%clk 1:08:44]} Rde8 {[%clk 1:18:19]} 19. Bd6 {[%clk 1:08:16]} e5
{[%clk 1:17:08]} 20. d5 {[%clk 1:03:53]} cxd5 {[%clk 1:14:05]} 21. cxd5
{[%clk 1:03:47]} Nxd5 {[%clk 1:13:34]} 22. Rc1+ {[%clk 0:56:49]} Kd8
{[%clk 1:13:57]} 23. Kf2 {[%clk 0:46:28]} Re6 {[%clk 1:11:03]} 24. Ba3
{[%clk 0:46:44]} b5 {[%clk 1:09:44]} 25. Be4 {[%clk 0:44:43]} Ne7
{[%clk 1:03:16]} 26. Rhd1 {[%clk 0:39:35]} f5 {[%clk 0:50:50]} 27. Bd5
{[%clk 0:35:00]} Nxd5 {[%clk 0:50:39]} 28. Rxd5 {[%clk 0:35:28]} Rb6
{[%clk 0:50:08]} 29. Bd6 {[%clk 0:34:44]} Rb7 {[%clk 0:50:03]} 30. Bxe5
{[%clk 0:34:43]} Ke7 {[%clk 0:48:48]} 31. Bxg7 {[%clk 0:33:33]} Rxh2
{[%clk 0:49:06]} 32. Rc6 {[%clk 0:32:52]} Kf7 {[%clk 0:48:52]} 33. Bc3
{[%clk 0:32:11]} b4 {[%clk 0:44:44]} 34. Bxb4 {[%clk 0:27:54]} Nf6
{[%clk 0:33:47]} 35. Rd4 {[%clk 0:25:36]} a5 {[%clk 0:31:21]} 36. Bd6
{[%clk 0:25:10]} Rh1 {[%clk 0:31:12]} 37. Rc7+ {[%clk 0:24:53]} Rxc7
{[%clk 0:31:38]} 38. Bxc7 {[%clk 0:25:21]} Rb1 {[%clk 0:31:28]} 39. Rd3
{[%clk 0:25:17]} Rb2+ {[%clk 0:31:34]} 40. Kg3 {[%clk 0:24:36]} Ra2
{[%clk 0:31:02]} 41. Be5 {[%clk 0:22:02]} a4 {[%clk 0:29:18]} 42. b4
{[%clk 0:21:03]} Ke6 {[%clk 0:29:21]} 43. Bxf6 {[%clk 0:19:43]} Kxf6
{[%clk 0:29:41]} 44. Rd6+ {[%clk 0:20:09]} Kg5 {[%clk 0:26:42]} 45. f4+
{[%clk 0:19:58]} Kh6 {[%clk 0:26:31]} 46. Ra6 {[%clk 0:20:08]} a3
{[%clk 0:26:43]} 47. Kf3 {[%clk 0:20:02]} Rb2 {[%clk 0:26:54]} 48. g4
{[%clk 0:20:07]} fxg4+ {[%clk 0:26:21]} 49. Kxg4 {[%clk 0:20:30]} Rxb4
{[%clk 0:26:48]} 50. Rxa3 {[%clk 0:20:34]} Kg7 {[%clk 0:24:55]} 51. Ra6
{[%clk 0:20:06]} Rb1 {[%clk 0:25:01]} 52. Kf3 {[%clk 0:20:14]} Rb3
{[%clk 0:24:40]} 53. Rd6 {[%clk 0:20:25]} Ra3 {[%clk 0:22:19]} 54. Ke4
{[%clk 0:20:42]} Rb3 {[%clk 0:22:03]} 55. Kd4 {[%clk 0:20:50]} Rb4+
{[%clk 0:22:03]} 56. Ke5 {[%clk 0:21:06]} Rb5+ {[%clk 0:21:01]} 57. Ke6
{[%clk 0:21:01]} Rf5 {[%clk 0:20:37]} 58. Rd7+ {[%clk 0:21:20]} Kh6
{[%clk 0:20:34]} 59. Rf7 {[%clk 0:20:07]} Ra5 {[%clk 0:20:18]} 60. e4
{[%clk 0:19:47]} Ra6+ {[%clk 0:20:11]} 61. Kd5 {[%clk 0:19:09]} Ra5+
{[%clk 0:20:36]} 62. Kc6 {[%clk 0:18:01]} Ra6+ {[%clk 0:20:39]} 63. Kc5
{[%clk 0:16:39]} Ra5+ {[%clk 0:19:56]} 64. Kd4 {[%clk 0:15:34]} Ra4+
{[%clk 0:20:20]} 65. Ke3 {[%clk 0:16:03]} Ra3+ {[%clk 0:20:32]} 66. Ke2
{[%clk 0:16:33]} Kh5 {[%clk 0:20:30]} 67. e5 {[%clk 0:16:45]} Kg4
{[%clk 0:16:45]} 68. e6 {[%clk 0:17:04]} Ra6 {[%clk 0:15:12]} 69. e7
{[%clk 0:17:15]} Re6+ {[%clk 0:15:37]} 70. Kd3 {[%clk 0:17:36]} Re1
{[%clk 0:12:19]} 71. Kd4 {[%clk 0:17:58]} g5 {[%clk 0:10:42]} 72. f5
{[%clk 0:18:06]} Kf4 {[%clk 0:05:51]} 73. f6 {[%clk 0:18:14]} g4 {[%clk 0:05:38]}
74. Rf8 {[%clk 0:18:23]} g3 {[%clk 0:06:02]} 75. e8=Q {[%clk 0:18:44]} Rd1+
{[%clk 0:06:16]} 76. Kc3 {[%clk 0:18:57]} g2 {[%clk 0:06:34]} 77. Qa4+
{[%clk 0:19:20]} 1-0

[Event "Göteborg Open 2015"]
[Site "Biblioteksgatan 2, Mölnlycke, Sweden"]
[Date "2015.08.15"]
[Round "5.5"]
[White "Fries-Nielsen, Jens Ove"]
[Black "Lundström, Mattias"]
[Result "1-0"]
[BlackElo "2131"]
[WhiteElo "2434"]
[LiveChessVersion "1.4.6"]

1. a3 {[%clk 1:29:51]} d5 {[%clk 1:30:22]} 2. b4 {[%clk 1:29:55]} Nf6
{[%clk 1:29:39]} 3. Bb2 {[%clk 1:29:12]} Nbd7 {[%clk 1:24:27]} 4. Nf3
{[%clk 1:29:02]} e6 {[%clk 1:24:12]} 5. e3 {[%clk 1:29:08]} Bd6 {[%clk 1:22:35]}
6. c4 {[%clk 1:25:39]} c5 {[%clk 1:19:29]} 7. cxd5 {[%clk 1:25:12]} exd5
{[%clk 1:19:35]} 8. bxc5 {[%clk 1:25:30]} Nxc5 {[%clk 1:19:16]} 9. Bb5+
{[%clk 1:25:41]} Bd7 {[%clk 1:19:08]} 10. Bxf6 {[%clk 1:19:56]} Qxf6
{[%clk 1:16:11]} 11. Bxd7+ {[%clk 1:20:11]} Nxd7 {[%clk 1:16:01]} 12. Nc3
{[%clk 1:20:32]} Nb6 {[%clk 1:13:31]} 13. Qb3 {[%clk 1:19:47]} O-O
{[%clk 1:12:26]} 14. O-O {[%clk 1:19:47]} Qe6 {[%clk 1:01:51]} 15. a4
{[%clk 1:19:53]} Rab8 {[%clk 0:50:54]} 16. Nb5 {[%clk 1:14:49]} a6
{[%clk 0:50:59]} 17. Nbd4 {[%clk 1:15:08]} Qf6 {[%clk 0:50:50]} 18. a5
{[%clk 1:14:28]} Nc4 {[%clk 0:50:21]} 19. d3 {[%clk 1:09:52]} Ne5
{[%clk 0:50:39]} 20. Qxd5 {[%clk 1:07:07]} Nxd3 {[%clk 0:50:10]} 21. Rab1
{[%clk 1:04:09]} Rfd8 {[%clk 0:50:01]} 22. Qe4 {[%clk 0:56:54]} Nc5
{[%clk 0:48:42]} 23. Qc2 {[%clk 0:56:31]} Ne6 {[%clk 0:48:51]} 24. Rb6
{[%clk 0:54:56]} Nxd4 {[%clk 0:42:44]} 25. exd4 {[%clk 0:54:37]} Qe7
{[%clk 0:42:18]} 26. Re1 {[%clk 0:54:24]} Qd7 {[%clk 0:41:58]} 27. Ng5
{[%clk 0:47:26]} g6 {[%clk 0:40:48]} 28. h4 {[%clk 0:43:24]} Be7 {[%clk 0:37:49]}
29. Nf3 {[%clk 0:43:28]} Bd6 {[%clk 0:37:20]} 30. h5 {[%clk 0:42:42]} Kg7
{[%clk 0:34:35]} 31. d5 {[%clk 0:41:41]} Qf5 {[%clk 0:27:59]} 32. Qb2+
{[%clk 0:39:04]} Kg8 {[%clk 0:28:23]} 33. hxg6 {[%clk 0:29:45]} hxg6
{[%clk 0:28:43]} 34. Rd1 {[%clk 0:30:12]} Rd7 {[%clk 0:23:53]} 35. Rb3
{[%clk 0:29:49]} Bf8 {[%clk 0:21:31]} 36. Rbd3 {[%clk 0:22:11]} Bg7
{[%clk 0:21:05]} 37. Qb4 {[%clk 0:21:26]} Qf6 {[%clk 0:20:18]} 38. Qg4
{[%clk 0:21:30]} Rbd8 {[%clk 0:16:09]} 39. Qc4 {[%clk 0:19:53]} b5
{[%clk 0:15:26]} 40. axb6 {[%clk 0:20:09]} Qxb6 {[%clk 0:15:50]} 41. Ng5
{[%clk 0:19:23]} Qb5 {[%clk 0:15:35]} 42. Qa2 {[%clk 0:16:58]} a5
{[%clk 0:15:46]} 43. Ne4 {[%clk 0:16:26]} a4 {[%clk 0:15:55]} 44. d6
{[%clk 0:16:32]} Qb4 {[%clk 0:15:07]} 45. f3 {[%clk 0:16:35]} Be5
{[%clk 0:14:18]} 46. Rd5 {[%clk 0:16:25]} Bg7 {[%clk 0:14:23]} 47. Ra1 1-0